000 00535nam a22001817a 4500
003 CEME
005 20210628203019.0
008 210216b xxu||||| |||| 00| 0 eng d
020 _a81-7808-351-5
040 _c.
082 _a621.381535 COU
100 _aCoughlin, Robert.F Driscoll, Frederick.F
_962862
245 _aOperational amplifiers and linear integrated circuits
260 _aINDIA
_bPEARSON EDUCATION ASIA
_c2002
300 _aXXVII,529P
650 _aLINEAR INTEGRATED CIRCUITS; AMPLIFIERS
_962863
942 _cBK
_2ddc
999 _c571828
_d571828